Statistiken für Sportlerin des Jahres (Österreich)

Klicken Sie hier um das Quiz zu spielen!

Allgemein

  • Dieses Quiz wurde 210 mal gespielt
    (88 seit der letzten Aktualisierung)
  • Das Durchschnittsergebnis liegt bei 15 aus 32

Antwortstatistiken

JahrAthletinSportart% Korrekt
2013Anna FenningerSki Alpin
81%
2015Anna FenningerSki Alpin
81%
2014Anna FenningerSki Alpin
81%
1998Alexandra MeissnitzerSki Alpin
64%
1999Alexandra MeissnitzerSki Alpin
64%
2018Anna GasserSnowboard
64%
2017Anna GasserSnowboard
64%
1997Renate GötschlSki Alpin
64%
2005Renate GötschlSki Alpin
64%
2012Marlies SchildSki Alpin
62%
2006Michaela DorfmeisterSki Alpin
60%
2003Michaela DorfmeisterSki Alpin
60%
2007Nicole HospSki Alpin
48%
2008Mirna JukicSchwimmen
43%
2009Mirna JukicSchwimmen
43%
2002Mirna JukicSchwimmen
43%
2001Stephanie GrafLeichtathletik
43%
2000Stephanie GrafLeichtathletik
43%
2011Elisabeth GörglSki Alpin
42%
2019Vanessa HerzogEisschnelllauf
42%
1990Petra KronbergerSki Alpin
39%
1992Petra KronbergerSki Alpin
39%
1991Petra KronbergerSki Alpin
39%
2021Anna KiesenhoferRad
36%
2020Ivona DadicLeichtatheltik
36%
1993Anita WachterSki Alpin
35%
2016Eva-Maria BremSki Alpin
34%
1994Emese HunyadyEisschnelllauf
32%
2010Andrea FischbacherSki Alpin
29%
2004Kate AllenTriathlon
27%
1995Ursula ProfanterKanu
13%
1996Theresia KieslLeichtathletik
12%

Verteilung der Resultate

Perzentil nach korrekt beantworteten Fragen

Anzahl Personen mit jedem Resultat

Ihre Resultats-Entwicklung

Sie haben dieses Quiz seit der letzten Aktualisierung nicht gespielt